50 clubs les plus suivis sur les réseaux - Statistiques

Statistiques générales
  • Ce quiz a été pris 213 fois
  • Le résultat moyen est 32 sur 50
Statistiques - réponses
Pays Clubs % Correct
ESP Barcelone
99%
FRA Paris St-Germain
99%
ESP Real Madrid
99%
ANG Manchester United
98%
ALL Bayern Munich
97%
ANG Liverpool
97%
ANG Manchester CIty
97%
ITA AC Milan
96%
ITA Juventus
95%
ANG Chelsea
94%
ITA Inter Milan
94%
FRA Marseille
91%
ESP Atlético Madrid
90%
ALL Borussia Dortmund
90%
ANG Arsenal
89%
ANG Tottenham
86%
TUR Galatasaray
80%
ITA AS Roma
78%
P-B Ajax Amsterdam
76%
TUR Fenerbahçe
73%
ITA Naples
73%
ESP Seville
72%
USA Inter Miami
70%
FRA Monaco
70%
ESP Valence
68%
BRE Santos
65%
ARG Boca Juniors
64%
ANG Aston Villa
62%
ANG West Ham
60%
KSA Al Nassr
59%
TUR Besiktas
56%
ARG River Plate
56%
ALL Bayer Leverkusen
55%
ANG Newcastle
54%
ANG Everton
49%
ESP Real Betis
49%
KSA Al Hilal
48%
ESP Real Sociedad
45%
ANG Leicester
42%
BRE Flamengo
41%
BRE São Paulo
36%
KSA Al Ittihad
27%
BRE Palmeiras
25%
MEX Club América
23%
EGY Al Ahly
22%
BRE Corinthians
18%
EGY Z{amalek} SC
14%
MEX Guadalajara (Chivas)
12%
ESP Cádiz
1%
IDN P{ersib} B{andung}
0%
Aucun quiz correspondant
Distribution des résultats
% des personnes avec chaque résultat
Percentile par nombre de réponses
Votre historique - résultats
Vous n’avez pas pris ce quiz